World War II Battles - Statistics

General Stats
  • This quiz has been taken 54 times
    20 since last reset
  • The average score is 6 of 33
Answer Stats
Hint Answer % Correct
This battle is often called one of the largest, longest and bloodiest engagement in modern warfare Battle of Stalingrad
95%
This battle in the Pacific Theater occurred six months after Pearl Harbor Battle of Midway
74%
This battle is considered the turning point of the European theater D-Day
58%
This battle is also called the Ardennes Offensive Battle of the Bulge
53%
This battle is also called the Air Battle for England Battle of Britain
47%
This battle lead to the famous raising the flag photo Battle of Iwo Jima
26%
This battle was the last time Germany used blitzkrieg in an offensive battle Battle of Kursk
26%
This was the largest Naval battle in WW2 Battle of Leyte Gulf
21%
Often referred to as the typhoon of steel Battle of Okinawa
21%
First major land Allied offensive against Japan Battle of Guadalcanal
16%
This battle is largely considered to be one of the most significant battles between the USSR and the Axis powers Battle of Moscow
16%
Canada's first major military failure in WW2 Dieppe Raid
16%
This battle consisted of four assaults against the Winter Line during the Italian Campaign Battle of Monte Cassino
11%
This operation occurred in the Netherlands and is considered a military failure for the Allied Forces Operation Market Garden
11%
This battle was an Allied invasion of French North Africa Operation Torch
11%
This battle was intended to open up the way to capture Rome, however, it resulted in a deadlock between Allied and Axis forces Battle of Anzio
5%
This battle lead to a famous propaganda photograph taken by Yevgeny Khaldei Battle of Berlin
5%
Battle in which American and Nazi troops joined forces Battle of Castle Itter
5%
This is the first mainly airborne invasion in history Battle of Crete
5%
Highest United States Armed Forces casualty rate of any amphibious assault in the Pacific operations of World War Battle of Peleliu
5%
This battle put a stop to the Imperial Japanese Navy's ability to carry out large-scale carrier actions Battle of the Philippine Sea
5%
This battle served to open up the shipping route to Antwerp Battle of the Scheldt
5%
This battle removed German forces from the Lublin–Brest and Lvov–Sandomierz areas Operation Bagration
5%
The allied invasion of Provence is called... Operation Dragoon
5%
Battle that ended in a catastrophic defeat for the Polish Home Army Warsaw Uprising
5%
This battle in the Pacific Theater is considered a victory for Japan in terms of ships sunk but a victory for America in strategic terms Battle of Coral Sea
0%
This battle inspired a movie starring Harry Styles Battle of Dunkirk
0%
This battle occurred around the same time as Churchill's finest hour and we shall fight on the beaches speech Battle of France
0%
This battle lead to the creation of the Sai Wan War Cemetery Battle of Hong Kong
0%
After being defeated by Axis forces in Gazala the British forces retreated to Egypt and assumed a defensive position here, this lead to this battle First Battle of El Alamein
0%
First large British military operation of the Western Desert Campaign Operation Compass
0%
One of the first major instances in which the Soviets attempted to preempt a German summer offensive Second Battle of Kharkov
0%
Considered to be the shortest battle in WW2 Six Hour War
0%
No matching quizzes found
Score Distribution
Percent of People with Each Score
Percentile by Number Answered
Your Score History
You have not taken this quiz since the last reset